| 000 | 00771 a2200277 4500 | ||
|---|---|---|---|
| 001 | 24651 | ||
| 003 | TR-AnTOB | ||
| 005 | 20250811152801.0 | ||
| 008 | 110118s2004 tu 000 0 | ||
| 020 | _a9757982059 | ||
| 035 | _a24651 | ||
| 040 |
_aTR-AnTOB _cTR-AnTOB |
||
| 041 | _atur | ||
| 050 |
_aHD9696.2.T92 _bİ45 2004 |
||
| 090 |
_aHD9696.2.T92 _bİ45 2004 |
||
| 245 | 0 | _aİlk 500 Bilişim Şirketi. | |
| 246 | 3 | _aİlk Beşyüz Bilişim Şirketi | |
| 264 | 1 |
_aİstanbul : _bİnterpro , _c2004. |
|
| 300 |
_a152 s. : _bres. ; _c22 cm. |
||
| 650 | 7 |
_aBilgisayar yazılım endüstrisi _zTürkiye _2etuturkob _972949 |
|
| 650 | 0 |
_aBilgisayar endüstrisi _zTürkiye _919381 |
|
| 650 | 0 |
_aTelekomünikasyon _zTürkiye _920258 |
|
| 902 | _a0012996 | ||
| 942 |
_cREF _2lcc |
||
| 999 |
_c24651 _d1239 |
||